SDR Currency Basket-Proposed Extension of the Valuation of the SDR.

This paper proposes an extension of the current SDR valuation basket for a period of nine months to September 30, 2016. This extension would respond to feedback from SDR users on the desirability of avoiding changes in the basket at the end of the calendar year and facilitate the continued smooth fu...

Celý popis

Podrobná bibliografie
Korporativní autor: International Monetary Fund
Médium: Časopis
Jazyk:English
Vydáno: Washington, D.C. : International Monetary Fund, 2015.
Edice:Policy Papers; Policy Paper ; No. 2015/018
Témata:
On-line přístup:Full text available on IMF
LEADER 01689cas a2200301 a 4500
001 AALejournalIMF020458
008 230101c9999 xx r poo 0 0eng d
020 |c 5.00 USD 
020 |z 9781498344302 
022 |a 2663-3493 
040 |a BD-DhAAL  |c BD-DhAAL 
110 2 |a International Monetary Fund. 
245 1 0 |a SDR Currency Basket-Proposed Extension of the Valuation of the SDR. 
264 1 |a Washington, D.C. :  |b International Monetary Fund,  |c 2015. 
300 |a 1 online resource (4 pages) 
490 1 |a Policy Papers 
500 |a <strong>Off-Campus Access:</strong> No User ID or Password Required 
500 |a <strong>On-Campus Access:</strong> No User ID or Password Required 
506 |a Electronic access restricted to authorized BRAC University faculty, staff and students 
520 3 |a This paper proposes an extension of the current SDR valuation basket for a period of nine months to September 30, 2016. This extension would respond to feedback from SDR users on the desirability of avoiding changes in the basket at the end of the calendar year and facilitate the continued smooth functioning of SDR-related operations. As discussed at the informal Board meeting on July 29, this proposal does not in any way prejudge the outcome of the Review of the Method of Valuation of the SDR. 
538 |a Mode of access: Internet 
650 7 |a Basket  |2 imf 
650 7 |a Decision  |2 imf 
650 7 |a Executive Board Decision No. 12281  |2 imf 
650 7 |a PP  |2 imf 
650 7 |a SDR  |2 imf 
830 0 |a Policy Papers; Policy Paper ;  |v No. 2015/018 
856 4 0 |z Full text available on IMF  |u http://elibrary.imf.org/view/journals/007/2015/018/007.2015.issue-018-en.xml  |z IMF e-Library